A Böszörkény, a Tünedér, Királyficsúr és a többiek

Bibliographic Details
Main Author: Németh, István Z., 1969- (Author)
Format: Article
Language:Hungarian
ISSN:1336-5088
Subjects:

MARC

LEADER 00000nab a2200000 ar4500
001 vtls010327788
003 SK-MaSNL
005 20260303091240.0
008 111201c2011 xo |||||||| |000 b|hun
015 |a SNBRB2011/11  |2 snkbucl 
038 |a SNKBUCL 
040 |a DSZK  |b slo  |c DSZK  |e AACR2 
041 0 |a hun 
044 |a xo  |c SK 
080 |a 821.511.141 (437.6)-93=511.141  |2 2001 
080 |a 821.511.141 (437.6)-3(0.053.2)=511.141  |2 2001 
100 1 |a Németh, István Z.,  |d 1969-  |4 aut  |9 101438 
245 1 0 |a A Böszörkény, a Tünedér, Királyficsúr és a többiek  |c Z. Németh István 
650 0 7 |a autorské rozprávky, maďarské  |2 snkbucl  |9 71245 
773 0 |t Irodalmi szemle  |g Évf. LIV, sz. 11 (2011), o. 36-41  |x 1336-5088 
852 |a SNK  |b KIS3GCP 
852 |a DSZK  |b KIS3GCP 
958 |a HU 
958 |a LX 
958 |a SK 
958 |a DB 
999 |c 1806771  |d 1808701